000 00337nam a2200157Ia 4500
003 Ost
005 20260225132545.0
008 260225s9999||||xx |||||||||||||| ||und||
040 _cfsic
041 _afre
082 _a440
100 _aMohamed Oubouhou
_eAuteur
245 0 _aDbase /
245 0 _cMohamed Oubouhou
942 _cكتاب
999 _c33777
_d33777